| 000 -LEADER |
| fixed length control field |
00563nam a22001817a 4500 |
| 008 - FIXED-LENGTH DATA ELEMENTS--GENERAL INFORMATION |
| fixed length control field |
131111b xxu||||| |||| 00| 0 ger d |
| 020 ## - INTERNATIONAL STANDARD BOOK NUMBER |
| International Standard Book Number |
3854283202 |
| 041 0# - LANGUAGE CODE |
| Language code of text/sound track or separate title |
ger |
| 080 ## - UNIVERSAL DECIMAL CLASSIFICATION NUMBER |
| Universal Decimal Classification number |
336.33 |
| 100 1# - Rafti |
| Rafti |
Reinisch, August |
| 245 1# - TITLE STATEMENT |
| Title |
Staatensukzession und schuldübernahme : |
| Statement of responsibility, etc |
August Reinisch, Gerhard Hafner |
| 260 ## - |
| -- |
Wien : |
| -- |
Service Fachverlag |
| -- |
1995. |
| 300 ## - |
| -- |
168 f. : |
| -- |
21 cm. |
| 500 ## - |
| -- |
Vorwort : f. [IX] - X |
| 650 ## - |
| -- |
Borgjet |
| -- |
Bashkimi Sovjetik |
| 650 ## - |
| -- |
Huatë |
| -- |
Bashkimi Sovjetik |
| 942 ## - ADDED ENTRY ELEMENTS (KOHA) |
| Source of classification or shelving scheme |
|
| Item type |
Books |